| 000 | 00786nam a2200205 a 4500 | ||
|---|---|---|---|
| 005 | 20091219113917.0 | ||
| 008 | 080508s2008 ctua 000 0 eng | ||
| 020 |
_c95.00 _a9788190637015 |
||
| 037 | _bUBH | ||
| 040 |
_adpl _bEnglish |
||
| 082 | _a921 | ||
| 245 | _aThe autobiography of Benjamin Franklin | ||
| 260 |
_aNew Delhi _bMaple Press _c2008 |
||
| 270 |
_a1314, Chiranjeev Tower, Nehru Place _bNew Delhi |
||
| 300 |
_a187p. _c18cm(pbk) |
||
| 520 | _aCollects anecdotes from teenagers about friendship, peer pressure, self-acceptance, family life, relationships, and overcoming obstacles. | ||
| 942 |
_2ddc _cCH _mBEN _h921 |
||
| 999 |
_c33267 _d33267 |
||